000 00419nam a22001691a 4500
020 _a9789354328831
082 _aM3
_bSRE/A
100 _aSreedharan Perumpadavam
245 _aAnthiveyilile ponnu/
_cby Perumpadavam Sreedharan
250 _a3
260 _aKottayam:
_bD C Books,
_c2025.
300 _a326p.
650 _aNovel Malayalam
650 _aLiterature Malayalam
650 _aLiterature
942 _cBK
999 _c181559
_d181559